Người Hmông ở Việt Nam = The Hmong in Vietnam
Giới thiệu về nguồn gốc lịch sử, bản sắc văn hoá, phong tục lễ hội của dân tộc Hmông.
Bewaard in:
| Hoofdauteur: | |
|---|---|
| Formaat: | Boek |
| Taal: | Undetermined |
| Gepubliceerd in: |
Hà Nội
Thông tấn
2005
|
| Onderwerpen: | |
| Tags: |
Voeg label toe
Geen labels, Wees de eerste die dit record labelt!
|
| Thư viện lưu trữ: | Trung tâm Học liệu Trường Đại học Cần Thơ |
|---|
| LEADER | 00787nam a2200229Ia 4500 | ||
|---|---|---|---|
| 001 | CTU_190243 | ||
| 008 | 210402s9999 xx 000 0 und d | ||
| 082 | |a 305.895972 | ||
| 082 | |b Kh107 | ||
| 100 | |a Vũ, Quốc Khánh | ||
| 245 | 0 | |a Người Hmông ở Việt Nam = | |
| 245 | 4 | |b The Hmong in Vietnam | |
| 245 | 0 | |c Vũ Quốc Khánh (chủ biên) | |
| 260 | |a Hà Nội | ||
| 260 | |b Thông tấn | ||
| 260 | |c 2005 | ||
| 520 | |a Giới thiệu về nguồn gốc lịch sử, bản sắc văn hoá, phong tục lễ hội của dân tộc Hmông. | ||
| 650 | |a Hmong,Hmông | ||
| 650 | |x Ethnic,Dân tộc | ||
| 650 | |z Vietnam,Việt Nam | ||
| 904 | |i Trúc | ||
| 980 | |a Trung tâm Học liệu Trường Đại học Cần Thơ | ||